Statistics for Letters In The Middle: Capitals

Click here to take the quiz!

General Stats

  • This quiz has been taken 169 times
    (164 since last reset)
  • The average score is 14 of 20

Answer Stats

Country% Correct
K{ie}v
98%
Bi{shk}ek
92%
Co{penhag}en
92%
Q{uit}o
91%
Am{sterd}am
85%
Ta{shke}nt
85%
Po{rt Mores}by
84%
Ye{rev}an
84%
Ul{aan Baat}ar
83%
R{eykjavi}k
79%
Br{asil}ia
74%
A{ntananariv}o
69%
Sr{i Jayewardenapura Kot}te
67%
S{ão Tom}é
66%
W{ellingto}n
66%
Y{amoussoukr}o
61%
Li{brevil}le
52%
P{ort-au-Princ}e
44%
P{ort Of Spai}n
40%
S{outh Taraw}a (T{araw}a)
32%

Score Distribution

Percentile by Number Answered

Percent of People with Each Score

Your Score History

You have not taken this quiz since the last reset